University Home | Library Home | Institutional Repository

Etudes Bakongo : (Record no. 195350)

MARC details
000 -LEADER
fixed length control field 00657cam9a220021700 4500
001 - CONTROL NUMBER
control field tmp15408585
003 - CONTROL NUMBER IDENTIFIER
control field UPRA
005 - DATE AND TIME OF LATEST TRANSACTION
control field 20190830115623.0
008 - FIXED-LENGTH DATA ELEMENTS--GENERAL INFORMATION
fixed length control field 950808s1921 be fre u
035 ## - SYSTEM CONTROL NUMBER
System control number (Sirsi) r71625
035 ## - SYSTEM CONTROL NUMBER
System control number (UPRA)tmp15408585
040 ## - CATALOGING SOURCE
Transcribing agency UPRA
100 1# - MAIN ENTRY--PERSONAL NAME
Personal name Wing, R. P. Van.
Linkage A32796.1
245 10 - TITLE STATEMENT
Title Etudes Bakongo :
Remainder of title histoire et sociologie.
260 ## - PUBLICATION, DISTRIBUTION, ETC.
Place of publication, distribution, etc. Preface par Ed. de Jonghe Bruxelles :
Name of publisher, distributor, etc. Goemaere,
Date of publication, distribution, etc. [1921]
440 #0 - SERIES STATEMENT/ADDED ENTRY--TITLE
Title Bibliotheque-Congo ;
Volume/sequential designation non. 3
Linkage S5504.1
504 ## - BIBLIOGRAPHY, ETC. NOTE
Bibliography, etc. note Bibliography: p. [5]-7.
650 #0 - SUBJECT ADDED ENTRY--TOPICAL TERM
Topical term or geographic name entry element Kongo (African people)
Linkage S6355.1
949 ## - LOCAL PROCESSING INFORMATION (OCLC)
a GN655
w lcc
i -98098
m MAIN
t BOOK
l ON-SHELF

No items available.

© 2026 - The University of Zambia Library - Koha v25.11